000
00353nam a2200145Ia 4500
008
180207s9999 xx 000 0 und d
050
_b
H383 1992
245
_a
Have a dream /
260
_a
Canada :
260
_b
Tormont Publications, Inc.,
260
_c
1992
300
_a
unpaged :
300
_b
color illustration ;
440
_a
The Teddy Bears.
999
_c
355318
_d
355318